• Nicolás de Madrid,

di Personal Name

Records bibliografici associati: 1

001 - CONTROL NUMBER

  • control field: 63268

003 - CONTROL NUMBER IDENTIFIER

  • control field: IT-RoINE

005 - DATE AND TIME OF LATEST TRANSACTION

  • control field: 20191121072232.0

008 - FIXED-LENGTH DATA ELEMENTS

  • fixed length control field: 191009|| aca||aabn | a|a d

040 ## - CATALOGING SOURCE

  • Original cataloging agency: IT-RoINE
  • Transcribing agency: IT-RoINE

100 1# - HEADING--PERSONAL NAME

  • Personal name: Nicolás de Madrid,
  • Titles and other words associated with a name: Obispo de Astorga,
  • Dates associated with a name: 1600-1660

670 ## - SOURCE DATA FOUND

  • Source citation: Work cat.: (IT-RoINE): Documentos para la Historia del Monasterio de San Lorenzo el Real de El Escorial. VIII., 1965.